00553 a2200169 4500010001400000020002300014035001300037037001600050082001500066100002700081245010800108260003600216260001900252270006500271300002800336500001900364 aENG-88651 c350.00a8178242222 aEN-72184 bDBAD / VEN14a305.420954 aRajeswari Sunder Rajan1 aThe scandal of the state:cby Rajeswari Sunder Rajanbwomen, law and citizenship in postcolonial India/ aRanikhetbPermanent Blackc2008 bOrient Longman a`Himalayana', Mall Road, Ranikhet Cantt.,bRanikhete263 645 axv, 313p. :c22cm (pbk) aIncludes index